Finance for executives : managing for value creation /

This book is divided into five parts: Introduction to corporate finance; Evaluating financial performance; Making value-creating investment decisions; Making value-creating financing decisions; and Making value-creating business decisions.

Enregistré dans:
Détails bibliographiques
Auteur principal: Hawawini, Gabriel A.
Autres auteurs: Viallet, Claude.
Format: Livre
Langue:English
Publié: Cincinnati : South-Western College, 1999.
Sujets:
Tags: Ajouter un tag
Pas de tags, Soyez le premier à ajouter un tag!
Thư viện lưu trữ: Mạng thư viện Đại học Đà Nẵng
LEADER 01331cam a2200397 i 4500
001 000049487
003 9236
005 20051111143720.0
008 010320b1999 vm 000 eng
020 |a 0538853956 
040 |a IRC  |c IRC  |d IRC 
041 0 |a eng 
082 1 4 |a 658.15  |b HA-G 
100 1 |a Hawawini, Gabriel A. 
245 0 0 |a Finance for executives :  |b managing for value creation /  |c Gabriel Hawawini, Claude Viallet. 
260 |a Cincinnati :  |b South-Western College,  |c 1999. 
300 |a xix, 601 p. :  |b ill. ;  |c 23cm. 
520 3 |a This book is divided into five parts: Introduction to corporate finance; Evaluating financial performance; Making value-creating investment decisions; Making value-creating financing decisions; and Making value-creating business decisions. 
630 0 4 |a Finance. 
630 0 4 |a Business enterprises. 
630 0 4 |a Corporations. 
630 0 4 |a Managerial accounting. 
650 0 4 |a Managerial accounting. 
650 0 4 |a Corporations  |x Finance. 
650 0 4 |a Business enterprises  |x Finance  |x Case studies. 
700 1 |a Viallet, Claude. 
OWN |a DUT 
999 |a From the UDN01 
TYP |a Monograph 
TYP |a Printed language 
980 |a Mạng thư viện Đại học Đà Nẵng